Kabale University Library Catalogue

The World of Islam / (Record no. 2506)

MARC details
000 -LEADER
fixed length control field 00830cam a2200253 a 4500
003 - CONTROL NUMBER IDENTIFIER
control field OSt
005 - DATE AND TIME OF LATEST TRANSACTION
control field 20201110085656.0
008 - FIXED-LENGTH DATA ELEMENTS--GENERAL INFORMATION
fixed length control field 020417s2001 dcua 001 0 eng d
020 ## - INTERNATIONAL STANDARD BOOK NUMBER
International Standard Book Number 0792268946
020 ## - INTERNATIONAL STANDARD BOOK NUMBER
International Standard Book Number 9780792268949
040 ## - CATALOGING SOURCE
Original cataloging agency IGP
Transcribing agency KABLIB
Modifying agency KABLIB
082 00 - DEWEY DECIMAL CLASSIFICATION NUMBER
Classification number 909.097
Edition number 23
Item number WOR
245 04 - TITLE STATEMENT
Title The World of Islam /
Statement of responsibility, etc. edited by Don Belt.
246 20 - VARYING FORM OF TITLE
Title proper/short title Islam.
260 ## - PUBLICATION, DISTRIBUTION, ETC.
Place of publication, distribution, etc. Washington, D.C. :
Name of publisher, distributor, etc. National Geographic Society ;
Date of publication, distribution, etc. c2001.
300 ## - PHYSICAL DESCRIPTION
Extent 285 p. :
Other physical details col. ill. ;
Dimensions 26 cm.
500 ## - GENERAL NOTE
General note Includes index.
650 #0 - SUBJECT ADDED ENTRY--TOPICAL TERM
Topical term or geographic name entry element Islam
General subdivision History.
9 (RLIN) 6792
651 #0 - SUBJECT ADDED ENTRY--GEOGRAPHIC NAME
Geographic name Islamic countries
General subdivision Civilization.
9 (RLIN) 6793
700 1# - ADDED ENTRY--PERSONAL NAME
Personal name Belt, Don.
Relator term Editor.
9 (RLIN) 6794
710 2# - ADDED ENTRY--CORPORATE NAME
Corporate name or jurisdiction name as entry element National Geographic Society (U.S.)
9 (RLIN) 2046
856 42 - ELECTRONIC LOCATION AND ACCESS
Materials specified Publisher description
Uniform Resource Identifier <a href="http://www.loc.gov/catdir/description/simon032/2002280305.html">http://www.loc.gov/catdir/description/simon032/2002280305.html</a>
942 ## - ADDED ENTRY ELEMENTS (KOHA)
Source of classification or shelving scheme Dewey Decimal Classification
Koha item type Book
Holdings
Withdrawn status Lost status Source of classification or shelving scheme Damaged status Not for loan Home library Current library Shelving location Date acquired Total Checkouts Full call number Barcode Date last seen Price effective from Koha item type
    Dewey Decimal Classification     Education Library Education Library Reserve Section 10.11.2020   909.097 WOR 1932 10.11.2020 10.11.2020 Book

Kabale University Library | Kabale University P.O Box 317, Kabale, Uganda
Tel : +256754017033, +256774661503 E-mail : library@kab.ac.ug